| 000 | 00500nac a22001931ca4500 | ||
|---|---|---|---|
| 001 | a987682882 | ||
| 003 | RU-10907106 | ||
| 005 | 20220905113430.0 | ||
| 008 | 180115s1996 gw |||| 000u rus d | ||
| 020 |
_a5856180836 _95-85618-083-6 |
||
| 040 | _cRU-10907106 | ||
| 041 | _arus | ||
| 245 | 0 | 0 | _aVlast' i intelligencija v sibirskoj provincii |
| 264 | 1 |
_aNovosibirsk, _c1996- |
|
| 651 | 0 |
_aSibirien _91690 |
|
| 700 | 1 |
_aKrasilnikov, S. A. _eHerausgeberIn _99677 |
|
| 942 |
_cMG _2z |
||
| 999 |
_c48197 _d48197 |
||